00544nam a2200157Ia 4500008004100000020001800041082002200059100003800081245006100119250000700180260002400187300001100211650005100222952009600273999001700369120622s9999 xx 000 0 und d a968-432-350-6 a863.72 R763v 1981 aRomero, José Rubén, 1890-1952 aLa vida inútil de Pito Pérez / José Rubén Romero a28 aMéxico : Porrúa a232 p. a1. NOVELA MEXICANA \ 2. LITERATURA MEXICANAÌ 00104070a01b01d2007-01-25l0o863.72 R763V 1981p01 003222r2012-06-24w2012-06-24yLB c54392d54392